Loading...
| Literature - World Literature | 1 | 4 | 1 | 2 | 50 | 66 | 103.00 | 0 | 2 |
| Mythology | 1 | 4 | 1 | 1 | 50 | 39 | 103.80 | 0 | 2 |
| Fine Arts - Other Fine Arts | 0 | 4 | 1 | 0 | 35 | 76 | 84.50 | 1 | 3 |
| Fine Arts - Visual Fine Arts | 0 | 4 | 1 | 2 | 35 | 107 | 134.75 | 0 | 0 |
| Philosophy | 0 | 3 | 0 | 0 | 30 | 78 | 104.33 | 1 | 1 |
| Literature - British Literature | 1 | 1 | 0 | 0 | 25 | 58 | 87.00 | 1 | 1 |
| Religion | 0 | 2 | 0 | 0 | 20 | 81 | 83.50 | 0 | 2 |
| Science - Physics | 0 | 3 | 2 | 1 | 20 | 67 | 97.33 | 0 | 2 |
| Literature - American Literature | 0 | 2 | 0 | 0 | 20 | 80 | 103.50 | 0 | 1 |
| Literature - European Literature | 0 | 2 | 1 | 0 | 15 | 104 | 119.00 | 0 | 2 |
| Current Events | 0 | 1 | 0 | 0 | 10 | 127 | 127.00 | 0 | 1 |
| Science - Other Science | 0 | 1 | 0 | 0 | 10 | 92 | 92.00 | 0 | 1 |
| History - Other History | 0 | 1 | 1 | 0 | 5 | 106 | 106.00 | 0 | 0 |
| Social Science | 0 | 2 | 3 | 1 | 5 | 84 | 103.00 | 0 | 2 |
| Fine Arts - Auditory Fine Arts | 0 | 1 | 1 | 0 | 5 | 89 | 89.00 | 1 | 1 |
| History - World History | 0 | 1 | 1 | 0 | 5 | 70 | 70.00 | 0 | 1 |
| History - American History | 0 | 1 | 1 | 0 | 5 | 66 | 66.00 | 1 | 1 |
| History - European History | 0 | 0 | 0 | 0 | 0 | 0.00 | 0 | 0 | |
| Science - Biology | 0 | 0 | 0 | 0 | 0 | 0.00 | 0 | 0 | |
| Science - Chemistry | 0 | 0 | 1 | 0 | -5 | 0.00 | 0 | 0 |